| 000 | 00649nam a2200253Ia 4500 | ||
|---|---|---|---|
| 003 | OSt | ||
| 005 | 20220918175041.0 | ||
| 006 | a|||||r|||| 00| 0 | ||
| 007 | ta | ||
| 008 | 220917b |||||||| |||| 00| 0 eng d | ||
| 024 | _a15,414 | ||
| 037 | _cTextual | ||
| 040 |
_aARTS _cARTS _beng |
||
| 041 |
_2eng _aeng |
||
| 082 | _aO:g, M8 | ||
| 100 |
_aLerner Laurence _913193 |
||
| 245 | 0 | _aFrontiers of literature | |
| 260 |
_aOxford _bBasil Blackwell _c1988 |
||
| 300 |
_avii,291p. _ccm. |
||
| 500 | _aIncludes index | ||
| 650 | _aENGLISH LITERATURE | ||
| 942 |
_hO:g, M8 _cTEXL _2CC |
||
| 999 |
_c155818 _d155818 |
||